Classement des pires dribbleurs de ligue 1 - Statistiques

Statistiques générales
  • Ce quiz a été pris 59 fois
  • Le résultat moyen est 5 sur 11
Statistiques - réponses
Réponse % Correct
Kylian Mbappé: 86 dribbles ratés
96%
Neymar (2,3)
94%
Lionel Messi (2,3)
94%
Lionel Messi: 56 dribbles ratés
94%
Neymar: 46 dribbles ratés
94%
Nuno Tavares (2,8)
12%
Nuno Tavares: 71 dribbles ratés
12%
Kyks (3,4)
8%
Ludovic Blas: 54 dribbles ratés
6%
Rayan Cherki 47 dribbles ratés
4%
Sofiane Diop (3)
2%
Aucun quiz correspondant
Distribution des résultats
% des personnes avec chaque résultat
Percentile par nombre de réponses
Votre historique - résultats
Vous n’avez pas pris ce quiz